000 01083nam a2200289 a 4500
001 ebr10524393
003 CaPaEBR
006 m u
007 cr cn|||||||||
008 120209s2011 cm s 000 1 eng d
020 _z9956726184
020 _z9789956726189
020 _z9789956726783 (e-book)
040 _aCaPaEBR
_cCaPaEBR
035 _a(OCoLC)773280359
043 _af------
050 1 4 _aPR9346
_b.A98 2011eb
100 1 _aAyuninjam, Funwi F.
245 1 0 _aVoices from Africa and beyond
_h[electronic resource] :
_ba collection of poems /
_cFunwi F. Ayuninjam.
260 _aBamenda, Cameroon :
_bLangaa RPCIG,
_c2011.
300 _av, 60 p.
533 _aElectronic reproduction.
_bPalo Alto, Calif. :
_cebrary,
_d2012.
_nAvailable via World Wide Web.
_nAccess may be limited to ebrary affiliated libraries.
650 0 _aAfrican poetry (English)
655 7 _aElectronic books.
_2local
710 2 _aebrary, Inc.
856 4 0 _uhttp://site.ebrary.com/lib/rucke/Doc?id=10524393
_zAn electronic book accessible through the World Wide Web; click to view
999 _c142902
_d142902